| 000 | 00504cam a2200205ua 4500 | ||
|---|---|---|---|
| 001 | 10600 | ||
| 005 | 20260515114636.0 | ||
| 008 | 190320n ii |||gr||||Z||||||eng | ||
| 020 | _a9788177581041 | ||
| 040 | _cMAIN | ||
| 082 | _a330.015195 | ||
| 100 |
_aKnut Sydsaeter, _eAuthor. |
||
| 245 | _aMathematics for economic analysis | ||
| 250 | _a20th imp. | ||
| 260 |
_aUttar Pardesh: _bPearson, _c2018. |
||
| 300 | _a1000p. | ||
| 653 | _aEconomics | ||
| 700 |
_aPeter J Hammond, _eAuthor. |
||
| 942 | _cBK | ||
| 999 |
_c9562 _d9562 |
||